[Event "Como Primavera op-B 3rd"]
[Site "Como"]
[Date "2007.05.11"]
[Round "?"]
[White "Calabrese, Mattia"]
[Black "Taborelli, Achille"]
[Result "0-1"]
[WhiteElo "1347"]
[BlackElo "1802"]
[PlyCount "136"]
[EventDate "2007.04.??"]
[EventType "swiss"]
[EventRounds "7"]
[EventCountry "ITA"]
[SourceTitle "EXT 2024"]
[Source "ChessBase"]
[SourceDate "2023.10.10"]
[SourceVersion "1"]
[SourceVersionDate "2023.10.10"]
[SourceQuality "1"]

1. c4 Nf6 2. Nc3 e5 3. g3 c6 4. d4 exd4 5. Qxd4 Be7 6. Bg2 d6 7. Nf3 0-0 8. 0-0 Be6 9. Ne1 Qc8 10. Nc2 Bh3 11. Bg5 Bxg2 12. Kxg2 Qf5 13. Bxf6 Bxf6 14. Ne3 Bxd4 15. Nxf5 Bxc3 16. bxc3 Re8 17. e3 Re6 18. Rfd1 Na6 19. Nxd6 Nc5 20. Nf5 g6 21. Nh4 Na4 22. Rd7 b6 23. Rad1 Nxc3 24. Rd8+ Rxd8 25. Rxd8+ Kg7 26. Ra8 a5 27. Ra6 Re4 28. c5 bxc5 29. Rxc6 Rc4 30. Nf3 Nxa2 31. Nd2 Nb4 32. Rc8 Rc3 33. Ne4 Rc1 34. Rxc5 Rxc5 35. Nxc5 Kf6 36. Kf3 Ke5 37. Ke2 Kd5 38. Na4 Kc4 39. Kd2 Nd5 40. e4 Nf6 41. f3 Kb4 42. Nc3 a4 43. Nxa4 Kxa4 44. Kd3 Kb5 45. Kd4 Kc6 46. Ke5 Nd7+ 47. Kd4 Kd6 48. h4 f6 49. f4 h5 50. Ke3 Ke6 51. Kd4 Kd6 52. f5 gxf5 53. exf5 Ne5 54. Ke4 Ng4 55. Kf4 Kd5 56. Kf3 Ke5 57. Kg2 Kxf5 58. Kf3 Ke5 59. Kg2 Ke4 60. Kh3 Ke3 61. Kg2 Ke2 62. Kh3 Ne3 63. Kh2 Kf3 64. Kh3 Nf5 65. g4 hxg4+ 66. Kh2 Kf2 67. h5 g3+ 68. Kh1 g2+ 0-1

[Event "Como Province-ch"]
[Site "Como"]
[Date "1999.01.29"]
[Round "3"]
[White "Grassetto, Gilberto"]
[Black "Taborelli, Achille"]
[Result "0-1"]
[WhiteElo "1561"]
[BlackElo "1609"]
[PlyCount "80"]
[EventDate "1999.01.15"]
[EventType "swiss"]
[EventRounds "8"]
[EventCountry "ITA"]
[SourceTitle "EXT 2023"]
[Source "ChessBase"]
[SourceDate "2022.10.05"]
[SourceVersion "1"]
[SourceVersionDate "2022.10.05"]
[SourceQuality "1"]

1. e4 e6 2. Nc3 d5 3. exd5 exd5 4. d4 Nf6 5. g3 Be7 6. Bg2 c6 7. Nf3 Bf5 8. 0-0 0-0 9. Ne2 Bd6 10. Nh4 Bd7 11. f4 Bg4 12. Nf3 Bxf3 13. Rxf3 Re8 14. c3 Nbd7 15. Kh1 Ne4 16. f5 h6 17. Nf4 Ndf6 18. h3 Nh7 19. h4 Nhf6 20. Bh3 Qc7 21. Qg1 Re7 22. Be3 Rae8 23. Raf1 Qa5 24. a3 Qa4 25. Bc1 Qc2 26. g4 Bxf4 27. Rxf4 Nd2 28. Bxd2 Qxd2 29. g5 hxg5 30. hxg5 Nh5 31. f6 Re1 32. g6 gxf6 33. gxf7+ Kxf7 34. Bg4 Rh8 35. Bh3 Rxf1 36. Rxf1 Nf4 37. Rf2 Rxh3+ 38. Rh2 Rxh2+ 39. Qxh2 Qxh2+ 40. Kxh2 Nd3 0-1